| 000 | 00797nam a22002417a 4500 | ||
|---|---|---|---|
| 999 |
_c12547 _d12547 |
||
| 003 | AR-CdUCM | ||
| 008 | 190409b ||||| |||| 00| 0 spa d | ||
| 020 | _a992-9172-2-3 | ||
| 040 |
_aMUNICIPALIDAD PROVINCIAL DEL CUSCO _cBIBLIOTECA MUNICIPAL DEL CUSCO |
||
| 041 | _heng | ||
| 082 |
_a582.13 / _bC32 |
||
| 100 |
_aCassinelli del Sante, Gino _922137 |
||
| 245 | _aFlowers of Machu Picchu / | ||
| 260 |
_aLima : _c2006. |
||
| 300 |
_a120 paginas ; _bIlustraciones, _c20 cm. |
||
| 500 | _aLibro espaƱol - ingles | ||
| 505 | _aContenido : Adaptations of flowers to the environment -- The inca trail -- Description of species -- yellow and orange... | ||
| 650 |
_aCusco _9772 |
||
| 650 |
_aFlores _920771 |
||
| 650 |
_aMachupicchu _91751 |
||
| 942 |
_2ddc _cLIBROS |
||
| 945 |
_awnts _d2019-04-09 |
||